[Event "V Weekend Sestri Ponente"]
[Site "Genova ITA"]
[Date "2000.10.??"]
[Round "?"]
[White "Rodriguez Alvarez, Alan"]
[Black "Carzolio, Luigi"]
[Result "1-0"]
[WhiteElo "1677"]
[BlackElo "1814"]
[PlyCount "49"]
[EventDate "2000.10.21"]

1. d4 Nc6 2. Nf3 d5 3. Bg5 f6 4. Bf4 Bg4 5. Nc3 a6 6. Qd2 e6 7. O-O-O Bd6 8. e4
Bxf3 9. gxf3 Nge7 10. Bh3 Ng6 11. Bg3 Bxg3 12. hxg3 Qd6 13. exd5 exd5 14. Rde1+
Nce7 15. Be6 c6 16. Na4 Kd8 17. Nb6 Rb8 18. Qa5 Qc7 19. Qc5 Nf8 20. Bf7 Nfg6
21. Re6 Nc8 22. Bxg6 Nxb6 23. Rd6+ Nd7 24. Bf5 b6 25. Qa3 1-0